Pays ayant une lettre séparant des doubles lettres - Statistiques

Statistiques générales
  • Ce quiz a été pris 27 fois
    23 depuis la dernière actualisation
  • Le résultat moyen est 36 sur 52
Statistiques - réponses
Pays % Correct
Canada
89%
Chili
89%
Panama
89%
Venezuela
89%
Guatémala
83%
Guyana
83%
Paraguay
83%
Uruguay
83%
Bolivie
78%
Colombie
78%
États-Unis
78%
Kosovo
78%
Suède
78%
Arabie Saoudite
72%
Bahamas
72%
Burundi
72%
Comores
72%
Dominique
72%
Haïti
72%
Kazakhstan
72%
Nicaragua
72%
Qatar
72%
République Dominicaine
72%
Saint-Christophe-et-Nièves
72%
Trinité-et-Tobago
72%
Yémen
72%
Ghana
67%
Jamaïque
67%
Kirghizistan
67%
Kiribati
67%
Norvège
67%
Palaos
67%
Papouasie-Nouvelle-Guinée
67%
Philippines
67%
Sénégal
67%
Tunisie
67%
Bénin
61%
Botswana
61%
Émirats Arabes Unis
61%
Eswatini
61%
Madagascar
61%
Monténégro
61%
Nauru
61%
Pologne
61%
Togo
61%
Malawi
56%
Namibie
56%
Zimbabwe
56%
Grèce
50%
(Îles) Salomon
50%
Tadjikistan
50%
Malaisie
44%
Aucun quiz correspondant
Distribution des résultats
% des personnes avec chaque résultat
Percentile par nombre de réponses
Votre historique - résultats
Vous n’avez pas pris ce quiz depuis la dernière actualisation